000 00508nam a2200181Ia 4500
001 65122
008 220209n ii |||gr||||Z||||||465
082 _a891.4514
100 _aBhattacharyya.
245 0 _aDebendra Samagrah Novels 2
_cBy Debendra Nath Bhattacharyya
_hTextual Documents
250 _aFirst.
260 _aGauhati:
_bD C Memorial Charity Trust,
_c2002.
300 _a400pg:
_c23cm.
653 _aAssamese
653 _aCollection of Novels
653 _aReference Section
942 _2ddc
_cBK
999 _c66222
_d66222